000 nam a22 a 4500
999 _c135447
_d135447
003 BLK
005 20210720104708.0
008 180409b bul|||||r ||||||| ||bul||
010 _aKNG00141373000
040 _aBLK
041 _aBUL
_cBUL
072 7 _2bullib
_aЦ
_xРедки и ценни
080 _aФренска литература
_b821.133.1
_x-2
_z821.133.1-2
100 1 _aХюго, Шарл
_eпърви автор
_9324829
139 _aЮго, Шарл Виктор
_bЮ 13
245 1 0 _aКлетниците
_bДрама в 5 д. и 12 карт. : (Извлеч. от романа на В. Хюго)
_cВиктор Юго; Шарл Хюго; прев. от фр. Х. М. Басан; прев. от фр. Петър Христов Генков; * Шарл Виктор Юго.
257 _aFRA
260 _c1896
_fВарна : Взаимност
_aВарна
_9393107
_bб.и.
300 _a80 с.
_c19 см
380 _aX
490 1 _aТеатрална библиотека
_vСер. II, № 3
490 _aКолекция Редки и ценни издания
_9435080
500 _aИзвлеч. от романа на Виктор Юго. - Екз. с инв. № 767387 подв. към Желязната маска / О. Арну и Н. Фурние. 1897 със сигн. Рб 896 и инв. № 18802/58 ; Инв. № 3035-а подв. с Чест / Х. Зудерман. 1896 със сигн. Рб 896 и инв. № 767388.
653 _aдрама
653 _aпиеси
700 _aЮго, Виктор
_eпърви автор
_91299
700 1 _aБасан, Х. М.
_eпрев. от фр.
_gГенков, Петър Христов
_9317492
700 1 _aГенков, Петър Христов
_eпрев. от фр.
_9377088
852 _aРб 896
_bРц
852 _aРб 897
_bРц
856 4 _qpdf
942 _cKNG
_n0
_s1
944 _aCR
_c26.03.2013
_lф / 26.03.2013
_kЛюдмила_Стоянова
944 _aED
_c04.11.2013
_lф / 26.03.2013
944 _aED
_c2021-07-20
_l2021-07-20
_kВК
999 _d135447
999 _d135447
999 _d135447
999 _d135447